[Event "Subotica-ch op"]
[Site "Subotica"]
[Date "2017.03.10"]
[Round "8"]
[White "Kovacs, Istvan A"]
[Black "Kosa, Jeno"]
[Result "0-1"]
[WhiteElo "1882"]
[BlackElo "2076"]
[PlyCount "50"]
[EventDate "2017.02.22"]
[EventType "swiss"]
[EventRounds "9"]
[EventCountry "SRB"]
[SourceTitle "CBM 177 Extra"]
[Source "ChessBase"]
[SourceDate "2017.04.27"]
[SourceVersion "1"]
[SourceVersionDate "2017.04.27"]
[SourceQuality "1"]

1. d4 Nf6 2. Bf4 d5 3. e3 c5 4. c3 cxd4 5. cxd4 Qb6 6. Qc2 Nc6 7. Nc3 Bf5 8. Qd2 e6 9. Nf3 Ne4 10. Qe2 Bb4 11. Rc1 0-0 12. Nh4 Qa5 13. Nxf5 Nxc3 14. bxc3 Bxc3+ 15. Kd1 exf5 16. Qc2 Bb4 17. Qxf5 Qxa2 18. Rc2 Qa1+ 19. Ke2 Rfe8 20. Kf3 g6 21. Qxd5 Qd1+ 22. Re2 Rad8 23. Qa2 Rxd4 24. Kg3 Rd5 25. Rc2 g5 0-1

[Event "Backa Topola-ch"]
[Site "Backa Topola"]
[Date "2012.11.28"]
[Round "5"]
[White "Kosa, Jeno"]
[Black "Kovacs, Attila J"]
[Result "1/2-1/2"]
[WhiteElo "2112"]
[BlackElo "1793"]
[PlyCount "72"]
[EventDate "2012.11.19"]
[EventType "swiss"]
[EventRounds "9"]
[EventCountry "SRB"]
[SourceTitle "EXT 2014"]
[Source "ChessBase"]
[SourceDate "2013.11.20"]
[SourceVersion "1"]
[SourceVersionDate "2013.11.20"]
[SourceQuality "1"]

1. e4 c6 2. Nc3 d5 3. Nf3 a6 4. h3 e6 5. d4 dxe4 6. Nxe4 Nf6 7. Nxf6+ Qxf6 8. Bd3 h6 9. 0-0 Be7 10. Be3 Nd7 11. Qd2 Bd6 12. Rfe1 b6 13. c4 0-0 14. Be4 Bb7 15. Rad1 Rad8 16. Qc2 Bf4 17. Qb3 Bxe3 18. Rxe3 Rb8 19. Qa3 Rbc8 20. Nh2 Rfe8 21. Rg3 Qe7 22. Qe3 f5 23. Bf3 Qf6 24. Qd3 Nf8 25. Bh5 g6 26. f4 Kh7 27. Bf3 Rcd8 28. Qe3 Re7 29. Be2 Red7 30. Nf3 c5 31. Ne5 Rxd4 32. Rxd4 Rxd4 33. Bd3 Be4 34. Bxe4 Rxe4 35. Qd2 Rd4 36. Rd3 Qd8 1/2-1/2

[Event "Backa Topola-ch"]
[Site "Backa Topola"]
[Date "2011.11.18"]
[Round "4"]
[White "Juhasz, Jeno"]
[Black "Kosa, Jeno"]
[Result "0-1"]
[WhiteElo "1963"]
[BlackElo "2105"]
[PlyCount "68"]
[EventDate "2011.11.11"]
[EventType "swiss"]
[EventRounds "9"]
[EventCountry "SRB"]
[SourceTitle "CBM 145 Extra"]
[Source "ChessBase"]
[SourceDate "2012.01.03"]
[SourceVersion "1"]
[SourceVersionDate "2012.01.03"]
[SourceQuality "1"]

1. b3 e5 2. Bb2 Nc6 3. e3 Nf6 4. Bb5 e4 5. d3 a6 6. Bxc6 dxc6 7. a3 Bf5 8. d4 Bd6 9. c4 0-0 10. Ne2 Ng4 11. g3 Qg5 12. Qd2 Rad8 13. Nbc3 c5 14. h4 Qh6 15. Qc1 cxd4 16. Nxd4 Ne5 17. Nxf5 Nd3+ 18. Kd2 Qf6 19. Nxe4 Qxf5 20. Kxd3 Bxa3+ 21. Ke2 Bxb2 22. Qxb2 Qxe4 23. Rhd1 c5 24. Rd2 b5 25. Rxa6 bxc4 26. f3 Qb7 27. Rdd6 Rxd6 28. Rxd6 cxb3 29. Rd2 Qb5+ 30. Ke1 Qb4 31. Kd1 h6 32. Rd3 c4 33. Rc3 Rd8+ 34. Ke2 Ra8 0-1

[Event "Backa Topola-ch"]
[Site "Backa Topola"]
[Date "2011.11.16"]
[Round "3"]
[White "Kosa, Jeno"]
[Black "Vucic, Milut"]
[Result "1-0"]
[WhiteElo "2105"]
[BlackElo "1845"]
[PlyCount "59"]
[EventDate "2011.11.11"]
[EventType "swiss"]
[EventRounds "9"]
[EventCountry "SRB"]
[SourceTitle "CBM 145 Extra"]
[Source "ChessBase"]
[SourceDate "2012.01.03"]
[SourceVersion "1"]
[SourceVersionDate "2012.01.03"]
[SourceQuality "1"]

1. d4 Nf6 2. c4 c5 3. d5 b5 4. cxb5 a6 5. b6 Qxb6 6. Nc3 Bb7 7. e4 d6 8. Nf3 Nbd7 9. Nd2 g6 10. Nc4 Qc7 11. Be2 Bg7 12. 0-0 0-0 13. Bf4 Ne8 14. Qd2 Rb8 15. Rac1 Bc8 16. Bh6 Nb6 17. Bxg7 Nxg7 18. b3 Bd7 19. Ne3 Ra8 20. Ng4 Bxg4 21. Bxg4 f5 22. exf5 Nxf5 23. Rfe1 Rf7 24. Qg5 Re8 25. h4 Rf6 26. Ne4 Kg7 27. Qd2 Ref8 28. Nxf6 Rxf6 29. h5 Nd4 30. Qxd4 1-0

[Event "Backa Topola-ch"]
[Site "Backa Topola"]
[Date "2010.12.06"]
[Round "9"]
[White "Kosa, Jeno"]
[Black "Szemesi, Ferenc"]
[Result "1-0"]
[WhiteElo "2107"]
[BlackElo "1903"]
[PlyCount "65"]
[EventDate "2010.11.17"]
[EventType "swiss"]
[EventRounds "9"]
[EventCountry "SRB"]
[SourceTitle "EXT 2019"]
[Source "ChessBase"]
[SourceDate "2018.10.10"]
[SourceVersion "1"]
[SourceVersionDate "2018.10.10"]
[SourceQuality "1"]

1. d4 e6 2. c4 d5 3. Nf3 Nf6 4. g3 c6 5. Bg2 Nbd7 6. Qc2 dxc4 7. Qxc4 Nb6 8. Qc2 Qd5 9. Nc3 Bb4 10. 0-0 Bxc3 11. bxc3 Qe4 12. Qd1 Qf5 13. Qb3 Qd5 14. Ba3 Qc4 15. Ne5 Qxb3 16. axb3 Bd7 17. c4 Ng8 18. Bc5 Nc8 19. d5 cxd5 20. cxd5 f6 21. Nxd7 Kxd7 22. dxe6+ Kc7 23. Bf8 Nge7 24. Bxg7 Rg8 25. Bxf6 Rg6 26. Be5+ Kb6 27. Bd4+ Kc7 28. Rfc1+ Nc6 29. Bh3 Kd6 30. Bc5+ Ke5 31. f4+ Kf6 32. e4 N8e7 33. e5+ 1-0

[Event "Backa Topola-ch"]
[Site "Backa Topola"]
[Date "2010.12.01"]
[Round "7"]
[White "Kosa, Jeno"]
[Black "Zlatic, Milan"]
[Result "1/2-1/2"]
[WhiteElo "2107"]
[BlackElo "2086"]
[PlyCount "92"]
[EventDate "2010.11.17"]
[EventType "swiss"]
[EventRounds "9"]
[EventCountry "SRB"]
[SourceTitle "EXT 2019"]
[Source "ChessBase"]
[SourceDate "2018.10.10"]
[SourceVersion "1"]
[SourceVersionDate "2018.10.10"]
[SourceQuality "1"]

1. e4 e5 2. Nf3 Nc6 3. d4 exd4 4. Bc4 Nf6 5. e5 d5 6. Bb5 Ne4 7. Nxd4 Bd7 8. Bxc6 bxc6 9. 0-0 Bc5 10. Be3 Bb6 11. Nd2 Nxd2 12. Qxd2 c5 13. Nb3 d4 14. Bg5 Qc8 15. c3 Bc6 16. cxd4 Bxg2 17. dxc5 Bxf1 18. Kxf1 Qh3+ 19. Kg1 Qg4+ 20. Kf1 h6 21. Be3 Rd8 22. Qe2 Qh3+ 23. Kg1 0-0 24. cxb6 axb6 25. Nd2 Qf5 26. f4 Rd3 27. Nf1 Rfd8 28. Ng3 Qe6 29. b3 Qd5 30. Re1 f6 31. exf6 Re8 32. Qg4 Qf7 33. Bf2 Rxe1+ 34. Bxe1 Qxf6 35. Qe2 Qd4+ 36. Bf2 Qd7 37. Qe4 Rd1+ 38. Kg2 Ra1 39. Qc4+ Kh8 40. b4 b5 41. Qc2 Qd5+ 42. Qe4 Qc4 43. Qe8+ Kh7 44. Qe4+ Kg8 45. Qe8+ Kh7 46. Qe4+ Kg8 1/2-1/2

[Event "Backa Topola-ch"]
[Site "Backa Topola"]
[Date "2010.11.29"]
[Round "6"]
[White "Szabados, Karoly"]
[Black "Kosa, Jeno"]
[Result "1/2-1/2"]
[WhiteElo "2096"]
[BlackElo "2107"]
[PlyCount "46"]
[EventDate "2010.11.17"]
[EventType "swiss"]
[EventRounds "9"]
[EventCountry "SRB"]
[SourceTitle "EXT 2019"]
[Source "ChessBase"]
[SourceDate "2018.10.10"]
[SourceVersion "1"]
[SourceVersionDate "2018.10.10"]
[SourceQuality "1"]

1. e4 e5 2. Nf3 Nc6 3. Bb5 a6 4. Ba4 Nf6 5. 0-0 Be7 6. Re1 b5 7. Bb3 d6 8. h3 h6 9. c3 0-0 10. d4 Re8 11. Nbd2 Bf8 12. Nf1 Bb7 13. Ng3 Na5 14. Bc2 Nc4 15. b3 Nb6 16. Bb2 Rb8 17. Qd2 c5 18. Rad1 Qc7 19. dxe5 dxe5 20. c4 bxc4 21. Qc3 cxb3 22. axb3 Nbd7 23. Nd2 g6 1/2-1/2

[Event "Senta op-A 14th"]
[Site "Senta"]
[Date "2010.07.22"]
[Round "7"]
[White "Kosa, Jeno"]
[Black "Dolnik, Attila"]
[Result "1/2-1/2"]
[WhiteElo "2097"]
[BlackElo "2183"]
[PlyCount "44"]
[EventDate "2010.07.17"]
[EventType "swiss"]
[EventRounds "9"]
[EventCountry "YUG"]
[SourceTitle "CBM 137 Extra"]
[Source "ChessBase"]
[SourceDate "2010.09.01"]
[SourceVersion "1"]
[SourceVersionDate "2010.09.01"]
[SourceQuality "1"]

1. d4 Nf6 2. c4 e6 3. g3 d5 4. Nf3 dxc4 5. Bg2 c5 6. 0-0 Nc6 7. Qa4 Be7 8. dxc5 Qa5 9. Qxc4 Qxc5 10. Qxc5 Bxc5 11. Nc3 0-0 12. Bg5 Be7 13. Rad1 h6 14. Bf4 a6 15. Rfe1 Nb4 16. a3 Nbd5 17. Be5 b5 18. Nd4 Bb7 19. Nxd5 Bxd5 20. Bxd5 Nxd5 21. Nc6 Bf6 22. Bxf6 Nxf6 1/2-1/2